<?xml version="1.0" encoding="UTF-8"?>
<record
    xmlns:xsi="http://www.w3.org/2001/XMLSchema-instance"
    xsi:schemaLocation="http://www.loc.gov/MARC21/slim http://www.loc.gov/standards/marcxml/schema/MARC21slim.xsd"
    xmlns="http://www.loc.gov/MARC21/slim">

  <leader>00576nam a2200193Ia 4500</leader>
  <controlfield tag="008">240606s9999    xx            000 0 und d</controlfield>
  <datafield tag="020" ind1=" " ind2=" ">
    <subfield code="a">978-93-5523-193-2-2</subfield>
  </datafield>
  <datafield tag="082" ind1=" " ind2=" ">
    <subfield code="a">920</subfield>
  </datafield>
  <datafield tag="082" ind1=" " ind2=" ">
    <subfield code="b">SUD</subfield>
  </datafield>
  <datafield tag="100" ind1=" " ind2=" ">
    <subfield code="a">&#xB86;. &#xB87;&#xBB0;&#xBBE;. &#xBB5;&#xBC7;&#xB99;&#xBCD;&#xB95;&#xB9F;&#xBBE;&#xB9A;&#xBB2;&#xBAA;&#xBA4;&#xBBF;</subfield>
  </datafield>
  <datafield tag="245" ind1=" " ind2="0">
    <subfield code="a">&#xBB5;.&#xB89;.&#xB9A;&#xBBF;. &#xBB5;&#xBBE;&#xBB0;&#xBBE;&#xBA4;&#xBC1; &#xBB5;&#xBA8;&#xBCD;&#xBA4; &#xBAE;&#xBBE;&#xBAE;&#xBA3;&#xBBF;</subfield>
  </datafield>
  <datafield tag="250" ind1=" " ind2=" ">
    <subfield code="a">1</subfield>
  </datafield>
  <datafield tag="260" ind1=" " ind2=" ">
    <subfield code="a">&#xBA8;&#xBBE;&#xB95;&#xBB0;&#xBCD;&#xB95;&#xBCB;&#xBB5;&#xBBF;&#xBB2;&#xBCD;</subfield>
  </datafield>
  <datafield tag="260" ind1=" " ind2=" ">
    <subfield code="b">&#xB95;&#xBBE;&#xBB2;&#xB9A;&#xBCD;&#xB9A;&#xBC1;&#xBB5;&#xB9F;&#xBC1;</subfield>
  </datafield>
  <datafield tag="260" ind1=" " ind2=" ">
    <subfield code="c">2022</subfield>
  </datafield>
  <datafield tag="300" ind1=" " ind2=" ">
    <subfield code="a">240 pages</subfield>
  </datafield>
  <datafield tag="650" ind1=" " ind2=" ">
    <subfield code="a">&#xB86;&#xBB5;&#xBA3;&#xBA4;&#xBCD; &#xBA4;&#xBCA;&#xB95;&#xBC1;&#xBAA;&#xBCD;&#xBAA;&#xBC1;</subfield>
  </datafield>
  <datafield tag="942" ind1=" " ind2=" ">
    <subfield code="c">Tamil</subfield>
  </datafield>
  <datafield tag="999" ind1=" " ind2=" ">
    <subfield code="c">504311</subfield>
    <subfield code="d">504311</subfield>
  </datafield>
  <datafield tag="952" ind1=" " ind2=" ">
    <subfield code="0">0</subfield>
    <subfield code="1">0</subfield>
    <subfield code="2">ddc</subfield>
    <subfield code="4">0</subfield>
    <subfield code="7">0</subfield>
    <subfield code="a">ACL</subfield>
    <subfield code="b">ACL</subfield>
    <subfield code="d">2024-06-06</subfield>
    <subfield code="g">290.00</subfield>
    <subfield code="l">1</subfield>
    <subfield code="o">920 SUD</subfield>
    <subfield code="p">629751</subfield>
    <subfield code="r">2025-08-18 18:27:56</subfield>
    <subfield code="s">2025-07-21</subfield>
    <subfield code="v">290.00</subfield>
    <subfield code="w">2024-06-06</subfield>
    <subfield code="y">TAMIL</subfield>
  </datafield>
  <datafield tag="952" ind1=" " ind2=" ">
    <subfield code="0">0</subfield>
    <subfield code="1">0</subfield>
    <subfield code="4">0</subfield>
    <subfield code="7">0</subfield>
    <subfield code="a">ACL</subfield>
    <subfield code="b">ACL</subfield>
    <subfield code="d">2024-06-07</subfield>
    <subfield code="g">290.00</subfield>
    <subfield code="l">1</subfield>
    <subfield code="o">920 SUD</subfield>
    <subfield code="p">629752</subfield>
    <subfield code="r">2025-10-29 11:28:10</subfield>
    <subfield code="s">2025-10-26</subfield>
    <subfield code="v">290.00</subfield>
    <subfield code="w">2024-06-07</subfield>
    <subfield code="y">BK</subfield>
  </datafield>
</record>
